| 000 | 01818nam a2200253Ia 4500 | ||
|---|---|---|---|
| 008 | 260220t1984||||xx |||||||||||||| ||spa|| | ||
| 020 | _a8486251079 | ||
| 040 |
_aPY-SlUNAC _bspa _erda |
||
| 041 | _aspa | ||
| 082 |
_a001.64 _bG297i |
||
| 100 |
_aGee, K. C. E. _eAutor |
||
| 245 | 0 |
_aIntroducción a las redes locales de informática aplicada / _cpor K. C. E. Gee [Autor] |
|
| 264 |
_aMadrid : _bDíaz de Santos, _c℗1984. |
||
| 300 | _a154 páginas | ||
| 520 | _aEn "Introducción a las redes locales de informática aplicada", K. C. E. Gee ofrece un análisis exhaustivo de las redes locales (LAN), explorando su evolución, diseño y aplicaciones en el ámbito informático. El autor comienza con los conceptos fundamentales de redes, describiendo los componentes esenciales que las integran, como los dispositivos de interconexión y los protocolos de comunicación. A lo largo del texto, se abordan distintos tipos de arquitecturas de redes, así como sus ventajas y desventajas en diferentes contextos organizacionales. Gee también discute la importancia de la gestión de redes y la seguridad, enfatizando la necesidad de implementar medidas adecuadas para proteger la infraestructura de información. A través de ejemplos prácticos y estudios de caso, el libro ilustra cómo las LAN han transformado la manera en que las empresas y usuarios interactúan y comparten recursos. En conjunto, la obra proporciona una base sólida y accesible para estudiantes y profesionales interesados en el campo de las redes de computadoras. | ||
| 653 | _aInformática | ||
| 653 | _aRedes locales | ||
| 653 | _aTecnologías de la información | ||
| 942 |
_b2026/02/17 _cBK |
||
| 999 |
_c6671 _d6671 |
||